[Event "Liga Madrileña - DH 2013-2014"]
[Site "Madrid ESP"]
[Date "2014.03.09"]
[Round "13.36"]
[White "Alcazar Jimenez, Jesus Alberto"]
[Black "Suarez Trigueros, Jose Alfonso"]
[Result "1-0"]
[WhiteElo "2211"]
[BlackElo "2080"]
[PlyCount "93"]
[EventDate "2013.11.18"]
[EventType "team-tourn"]
[EventRounds "14"]
[EventCountry "ESP"]
[Source "lmi"]
[SourceDate "2013.11.18"]
[WhiteTeam "Blanco y Negro"]
[BlackTeam "Liberty Chess"]
[WhiteTeamCountry "ESP"]
[BlackTeamCountry "ESP"]

1. Nf3 Nf6 2. c4 d6 3. Nc3 Bg4 4. e3 Nbd7 5. h3 Bxf3 6. Qxf3 c6 7. b3 g6 8. Bb2
Bg7 9. g4 d5 10. d3 Qa5 11. Rc1 Nc5 12. d4 Nfe4 13. Qe2 Nxc3 14. Bxc3 Qa3 15.
Qb2 Qxb2 16. Bxb2 Ne6 17. cxd5 cxd5 18. Bb5+ Kd8 19. Ba3 Bf6 20. f4 a6 21. Be2
Re8 22. Bf3 Nc7 23. h4 e6 24. Bb4 Kd7 25. Ba5 Rac8 26. h5 g5 27. fxg5 Bxg5 28.
Bd2 Nb5 29. Ke2 Rxc1 30. Rxc1 Nd6 31. Kd3 Rc8 32. Rf1 f6 33. a4 h6 34. Bb4 Re8
35. Bc5 Rc8 36. Ra1 Rc6 37. a5 Rc8 38. Ra4 Nb5 39. e4 e5 40. exd5 exd4 41. Bxd4
Nxd4 42. Rxd4 Re8 43. Be4 Rb8 44. d6 b5 45. Bf5+ Kc6 46. d7 Rd8 47. Re4 1-0

[Event "Liga Madrileña - DH 2013-2014"]
[Site "Madrid ESP"]
[Date "2014.03.09"]
[Round "13.42"]
[White "Martin Duque, Jesus"]
[Black "Moreno Ruiz, Javier"]
[Result "0-1"]
[WhiteElo "2233"]
[BlackElo "2470"]
[PlyCount "82"]
[EventDate "2013.11.18"]
[EventType "team-tourn"]
[EventRounds "14"]
[EventCountry "ESP"]
[Source "lmi"]
[SourceDate "2013.11.18"]
[WhiteTeam "Vallecas CDV"]
[BlackTeam "Collado Villalba"]
[WhiteTeamCountry "ESP"]
[BlackTeamCountry "ESP"]

1. e4 c5 2. Nf3 Nc6 3. d4 cxd4 4. Nxd4 e5 5. Nb5 d6 6. c4 Be7 7. N1c3 a6 8. Na3
Be6 9. Nc2 Bg5 10. Ne3 Nge7 11. Bd3 O-O 12. O-O Rc8 13. b3 Ng6 14. Re1 Nf4 15.
Bf1 Nd4 16. Bb2 f5 17. exf5 Nxf5 18. Ne4 Rc6 19. Ba3 Nd4 20. Nc2 Nxc2 21. Qxc2
Be7 22. Qb2 Qe8 23. Rad1 Qg6 24. Kh1 Bf5 25. f3 h5 26. c5 d5 27. Ng3 Bd3 28.
Nxh5 Qxh5 29. Bxd3 Rh6 30. g4 Qh3 31. Re3 d4 32. Bf1 Qg3 33. Ree1 Rff6 34. g5
Qxg5 35. Bc4+ Kh8 36. Rg1 Qf5 37. Rd2 d3 38. c6 Bxa3 39. Qxa3 Ne2 40. Rg2 Qxf3
41. Rdxe2 Qf1+ 0-1

[Event "Liga Madrileña - DH 2013-2014"]
[Site "Madrid ESP"]
[Date "2014.03.09"]
[Round "13.43"]
[White "Pena Gomez, Manuel"]
[Black "Montanes Arribas, Adrian"]
[Result "1-0"]
[WhiteElo "2417"]
[BlackElo "2220"]
[PlyCount "65"]
[EventDate "2013.11.18"]
[EventType "team-tourn"]
[EventRounds "14"]
[EventCountry "ESP"]
[Source "lmi"]
[SourceDate "2013.11.18"]
[WhiteTeam "Collado Villalba"]
[BlackTeam "Vallecas CDV"]
[WhiteTeamCountry "ESP"]
[BlackTeamCountry "ESP"]

1. g3 d5 2. Bg2 Nf6 3. c4 c6 4. Nf3 Bf5 5. Qb3 Qb6 6. d3 e6 7. O-O h6 8. Nc3
Nbd7 9. cxd5 exd5 10. e4 dxe4 11. dxe4 Qxb3 12. axb3 Bh7 13. e5 Ne4 14. Nd4
Nxc3 15. bxc3 Be7 16. Bh3 Nxe5 17. Re1 Nd3 18. Ba3 Nxe1 19. Rxe1 O-O 20. Bxe7
Rfe8 21. Bd7 Reb8 22. Bd6 Rd8 23. Re7 a5 24. Bc7 Rf8 25. Be5 f6 26. Bf4 Bg6 27.
Bd6 Bf7 28. Ne6 Bxe6 29. Bxe6+ Kh8 30. Rxb7 Rfd8 31. Bd7 a4 32. bxa4 Rxa4 33.
Bb4 1-0

[Event "Liga Madrileña - DH 2013-2014"]
[Site "Madrid ESP"]
[Date "2014.03.09"]
[Round "13.44"]
[White "Madurga Lopez, Ignacio"]
[Black "Ortega Ruiz, Jose Miguel"]
[Result "0-1"]
[WhiteElo "2088"]
[BlackElo "2366"]
[PlyCount "94"]
[EventDate "2013.11.18"]
[EventType "team-tourn"]
[EventRounds "14"]
[EventCountry "ESP"]
[Source "lmi"]
[SourceDate "2013.11.18"]
[WhiteTeam "Vallecas CDV"]
[BlackTeam "Collado Villalba"]
[WhiteTeamCountry "ESP"]
[BlackTeamCountry "ESP"]

1. e4 e5 2. Bc4 Nc6 3. Nc3 Nf6 4. d3 Na5 5. Nge2 Nxc4 6. dxc4 Bc5 7. O-O d6 8.
Bg5 h6 9. Bxf6 Qxf6 10. Nd5 Qd8 11. Qd3 c6 12. Ne3 O-O 13. Rfd1 Be6 14. b3 Qg5
15. Ng3 g6 16. c3 a5 17. Nc2 h5 18. Qd2 Qf6 19. Nf1 d5 20. exd5 cxd5 21. cxd5
Bxd5 22. Nfe3 Be4 23. Qe2 Qc6 24. Rd2 f5 25. Qc4+ Kg7 26. b4 axb4 27. cxb4 Be7
28. f3 b5 29. Qb3 Bxc2 30. Rxc2 Qd6 31. Nd5 Bg5 32. Rc7+ Kh6 33. Rd1 Rad8 34.
Kh1 e4 35. fxe4 fxe4 36. Rc5 e3 37. h4 Bf4 38. Nxe3 Qe7 39. Nd5 Qe2 40. Qd3 Qg4
41. Kg1 Rf5 42. Rxb5 Qxh4 43. Qh3 Qg5 44. Qc3 Rdxd5 45. Rbxd5 Be3+ 46. Qxe3
Qxe3+ 47. Kh1 Rf4 0-1

[Event "Liga Madrileña - DH 2013-2014"]
[Site "Madrid ESP"]
[Date "2014.03.09"]
[Round "13.45"]
[White "Martinez Rodriguez, Pablo"]
[Black "Montoya Pecurul, Marc"]
[Result "1-0"]
[WhiteElo "2277"]
[BlackElo "2092"]
[PlyCount "123"]
[EventDate "2013.11.18"]
[EventType "team-tourn"]
[EventRounds "14"]
[EventCountry "ESP"]
[Source "lmi"]
[SourceDate "2013.11.18"]
[WhiteTeam "Collado Villalba"]
[BlackTeam "Vallecas CDV"]
[WhiteTeamCountry "ESP"]
[BlackTeamCountry "ESP"]

1. Nf3 Nf6 2. c4 g6 3. Nc3 d5 4. cxd5 Nxd5 5. g3 Bg7 6. Bg2 Nb6 7. d3 Nc6 8. h4
Bg4 9. Nh2 Bf5 10. Be3 Rb8 11. Qd2 Nd4 12. Rc1 c6 13. Bh6 Be5 14. f4 Bc7 15. e3
Nb5 16. Nxb5 cxb5 17. Qc3 f6 18. Qxc7 Qxd3 19. Qc3 Nc4 20. Qxd3 Bxd3 21. b3 Nd6
22. g4 Be4 23. O-O Kf7 24. Rfd1 Bxg2 25. Kxg2 Rbc8 26. Kf3 b4 27. Nf1 Nb5 28.
Ng3 Rxc1 29. Rxc1 Nc3 30. Ne2 Rc8 31. Nxc3 bxc3 32. Ke2 b5 33. b4 a5 34. a3
axb4 35. axb4 Rc4 36. Kd3 Rxb4 37. Rxc3 Rb1 38. Rc8 Ke6 39. Rb8 Rh1 40. Rxb5
Rxh4 41. g5 Rh1 42. Kc4 Rh3 43. Rb6+ Kf7 44. Rb8 fxg5 45. fxg5 Ke6 46. Rh8 Rh4+
47. Kd3 Kf5 48. Rxh7 e5 49. Rf7+ Ke6 50. Rf6+ Kd5 51. Rxg6 e4+ 52. Ke2 Rh2+ 53.
Kf1 Rh3 54. Kf2 Rh2+ 55. Kg3 Re2 56. Ra6 Rxe3+ 57. Kg4 Re1 58. g6 Rg1+ 59. Kf5
Rf1+ 60. Bf4 e3 61. g7 Rg1 62. Rg6 1-0

[Event "Liga Madrileña - DH 2013-2014"]
[Site "Madrid ESP"]
[Date "2014.03.09"]
[Round "13.46"]
[White "Morona Minguez, Irene"]
[Black "Bote Alvarez Carrasco, Valentin"]
[Result "1/2-1/2"]
[WhiteElo "1983"]
[BlackElo "2153"]
[PlyCount "70"]
[EventDate "2013.11.18"]
[EventType "team-tourn"]
[EventRounds "14"]
[EventCountry "ESP"]
[Source "lmi"]
[SourceDate "2013.11.18"]
[WhiteTeam "Vallecas CDV"]
[BlackTeam "Collado Villalba"]
[WhiteTeamCountry "ESP"]
[BlackTeamCountry "ESP"]

1. e4 e5 2. Nf3 Nc6 3. Bb5 Nf6 4. O-O Nxe4 5. d4 Nd6 6. Bxc6 dxc6 7. Nxe5 Be7
8. c3 Be6 9. Bf4 O-O 10. Re1 Re8 11. Nd2 Bf8 12. Nb3 f6 13. Nd3 b6 14. Qf3 Bd5
15. Qh5 a5 16. Nd2 Qd7 17. b3 Ne4 18. Rac1 a4 19. Nxe4 Bxe4 20. Qd1 Qf5 21. g4
Qg6 22. Re3 axb3 23. axb3 Bd6 24. Bxd6 cxd6 25. Rg3 c5 26. d5 Bxd3 27. Qxd3
Qxd3 28. Rxd3 Ra2 29. c4 Ree2 30. Rf3 b5 31. h3 bxc4 32. bxc4 Rac2 33. Rxc2
Rxc2 34. Rf4 Kf7 35. Re4 g5 1/2-1/2

[Event "Liga Madrileña - DH 2013-2014"]
[Site "Madrid ESP"]
[Date "2014.03.15"]
[Round "14.11"]
[White "Martin Duque, Jesus"]
[Black "Valles Moreno, Ivan"]
[Result "0-1"]
[WhiteElo "2233"]
[BlackElo "2373"]
[PlyCount "39"]
[EventDate "2013.11.18"]
[EventType "team-tourn"]
[EventRounds "14"]
[EventCountry "ESP"]
[Source "lmi"]
[SourceDate "2013.11.18"]
[WhiteTeam "Vallecas CDV"]
[BlackTeam "Liberty Chess"]
[WhiteTeamCountry "ESP"]
[BlackTeamCountry "ESP"]

1. e4 d6 2. d4 g6 3. Nf3 Bg7 4. Nc3 Nf6 5. Be2 O-O 6. O-O a6 7. a4 Nc6 8. h3 b6
9. Be3 e6 10. Re1 Bb7 11. Bf1 h6 12. Bc4 e5 13. Bd3 exd4 14. Nxd4 Nb4 15. Bf4
Re8 16. f3 c5 17. Nb3 d5 18. e5 Nd7 19. a5 c4 20. Nd4 0-1

[Event "Liga Madrileña - DH 2013-2014"]
[Site "Madrid ESP"]
[Date "2014.03.15"]
[Round "14.12"]
[White "Perez Gonzalez, Jose Manuel"]
[Black "Montanes Arribas, Adrian"]
[Result "1/2-1/2"]
[WhiteElo "2324"]
[BlackElo "2220"]
[PlyCount "28"]
[EventDate "2013.11.18"]
[EventType "team-tourn"]
[EventRounds "14"]
[EventCountry "ESP"]
[Source "lmi"]
[SourceDate "2013.11.18"]
[WhiteTeam "Liberty Chess"]
[BlackTeam "Vallecas CDV"]
[WhiteTeamCountry "ESP"]
[BlackTeamCountry "ESP"]

1. e4 c5 2. Nf3 d6 3. d4 cxd4 4. Nxd4 Nf6 5. Nc3 a6 6. Bc4 e6 7. O-O Be7 8. a3
Qc7 9. Ba2 Nc6 10. Be3 O-O 11. f4 b5 12. f5 Nxd4 13. Bxd4 e5 14. Be3 Bb7
1/2-1/2

[Event "Liga Madrileña - DH 2013-2014"]
[Site "Madrid ESP"]
[Date "2014.03.15"]
[Round "14.13"]
[White "Madurga Lopez, Ignacio"]
[Black "Martin Rueda, Daniel"]
[Result "0-1"]
[WhiteElo "2088"]
[BlackElo "2315"]
[PlyCount "86"]
[EventDate "2013.11.18"]
[EventType "team-tourn"]
[EventRounds "14"]
[EventCountry "ESP"]
[Source "lmi"]
[SourceDate "2013.11.18"]
[WhiteTeam "Vallecas CDV"]
[BlackTeam "Liberty Chess"]
[WhiteTeamCountry "ESP"]
[BlackTeamCountry "ESP"]

1. e4 c5 2. d4 cxd4 3. c3 d3 4. Bxd3 d6 5. Nf3 Nd7 6. O-O Ngf6 7. Qe2 Qc7 8.
Re1 a6 9. e5 Nxe5 10. Nxe5 dxe5 11. Qxe5 Qxe5 12. Rxe5 e6 13. Re1 Bd6 14. Nd2
Bc7 15. Ne4 Nd5 16. Bc4 Nb6 17. Bb3 Bd7 18. Bg5 Bc6 19. Rad1 O-O 20. Be7 Rfe8
21. Bd6 Bxd6 22. Nxd6 Red8 23. Nc4 Nxc4 24. Bxc4 Kf8 25. f3 Ke7 26. Bb3 g5 27.
Kf2 h5 28. Rxd8 Rxd8 29. Rd1 Rg8 30. Bc2 f5 31. b4 g4 32. f4 h4 33. Rd3 Bd5 34.
Re3 Kf6 35. Bb3 Be4 36. c4 Rd8 37. g3 e5 38. fxe5+ Kxe5 39. gxh4 f4 40. Re2 f3
41. Rb2 Kf4 42. c5 Rh8 43. Bc2 Rxh4 0-1

[Event "Liga Madrileña - DH 2013-2014"]
[Site "Madrid ESP"]
[Date "2014.03.15"]
[Round "14.14"]
[White "Fernandez Garcia, Miguel Angel"]
[Black "Montoya Pecurul, Marc"]
[Result "1-0"]
[WhiteElo "2325"]
[BlackElo "2092"]
[PlyCount "119"]
[EventDate "2013.11.18"]
[EventType "team-tourn"]
[EventRounds "14"]
[EventCountry "ESP"]
[Source "lmi"]
[SourceDate "2013.11.18"]
[WhiteTeam "Liberty Chess"]
[BlackTeam "Vallecas CDV"]
[WhiteTeamCountry "ESP"]
[BlackTeamCountry "ESP"]

1. d4 Nf6 2. c4 g6 3. Nc3 d5 4. Nf3 Bg7 5. Bg5 Ne4 6. Bf4 Nxc3 7. bxc3 O-O 8.
e3 c5 9. cxd5 cxd4 10. cxd4 Qxd5 11. Be2 Bf5 12. O-O Nc6 13. Qb3 Qxb3 14. axb3
Nb4 15. Rfc1 Bd3 16. Bxd3 Nxd3 17. Rc7 Nxf4 18. exf4 Bf6 19. Rxb7 a5 20. g3
Rfb8 21. Rxa5 Rxb7 22. Rxa8+ Kg7 23. Ra3 e6 24. Ne5 Rb4 25. Ra7 Bxe5 26. fxe5
Rxd4 27. Ra4 Rd5 28. Re4 g5 29. Kg2 Kg6 30. g4 Rd2 31. Re3 Rb2 32. Kg3 Rb1 33.
h3 h6 34. Kf3 Rb2 35. Rc3 h5 36. Ke3 hxg4 37. hxg4 Kg7 38. f3 Rb1 39. Kd4 Rb2
40. Kc5 Re2 41. b4 Rxe5+ 42. Kc6 f5 43. b5 fxg4 44. fxg4 Re4 45. b6 Rxg4 46. b7
Rb4 47. Rc5 Rxb7 48. Kxb7 Kf6 49. Kc6 e5 50. Kd5 Kf5 51. Rc8 Kf4 52. Rf8+ Ke3
53. Rg8 Kf4 54. Kc4 g4 55. Kd3 Kf3 56. Rf8+ Kg2 57. Ke2 g3 58. Re8 Kg1 59. Rxe5
g2 60. Rg5 1-0

[Event "Liga Madrileña - DH 2013-2014"]
[Site "Madrid ESP"]
[Date "2014.03.15"]
[Round "14.15"]
[White "Morona Minguez, Irene"]
[Black "Suarez Trigueros, Jose Alfonso"]
[Result "1/2-1/2"]
[WhiteElo "1983"]
[BlackElo "2080"]
[PlyCount "24"]
[EventDate "2013.11.18"]
[EventType "team-tourn"]
[EventRounds "14"]
[EventCountry "ESP"]
[Source "lmi"]
[SourceDate "2013.11.18"]
[WhiteTeam "Vallecas CDV"]
[BlackTeam "Liberty Chess"]
[WhiteTeamCountry "ESP"]
[BlackTeamCountry "ESP"]

1. e4 e6 2. d4 d5 3. Nc3 dxe4 4. Nxe4 Nd7 5. Nf3 Ngf6 6. Ng3 c5 7. c3 Qb6 8.
Qc2 cxd4 9. Nxd4 Bc5 10. Nb3 Bd6 11. Be3 Qc7 12. Ne4 Nxe4 1/2-1/2

[Event "Liga Madrileña - DH 2013-2014"]
[Site "Madrid ESP"]
[Date "2014.03.15"]
[Round "14.21"]
[White "Taboas Rodriguez, Daniel"]
[Black "Candela Perez, Jose"]
[Result "1/2-1/2"]
[WhiteElo "2398"]
[BlackElo "2447"]
[PlyCount "141"]
[EventDate "2013.11.18"]
[EventType "team-tourn"]
[EventRounds "14"]
[EventCountry "ESP"]
[Source "lmi"]
[SourceDate "2013.11.18"]
[WhiteTeam "Blanco y Negro"]
[BlackTeam "La Casa del Ajedrez"]
[WhiteTeamCountry "ESP"]
[BlackTeamCountry "ESP"]

1. d4 Nf6 2. c4 c5 3. d5 e6 4. Nc3 exd5 5. cxd5 d6 6. e4 g6 7. h3 Bg7 8. Nf3
O-O 9. Bd3 a6 10. a4 Nbd7 11. Bf4 Qe7 12. O-O Nh5 13. Bh2 Ne5 14. Be2 Nxf3+ 15.
Bxf3 Nf6 16. Re1 Ne8 17. Qd2 Rb8 18. Rab1 b5 19. b4 c4 20. a5 Be5 21. Rbd1 Ng7
22. Bxe5 Qxe5 23. Bg4 Nh5 24. Bxh5 Qxh5 25. f4 f6 26. Qd4 Qh4 27. Qf2 Qxf2+ 28.
Kxf2 Rb7 29. Ke3 Re7 30. Kd4 h5 31. h4 Bg4 32. Rd2 Rfe8 33. Rf2 Kg7 34. Re3 g5
35. hxg5 fxg5 36. fxg5 Rf7 37. Rxf7+ Kxf7 38. e5 dxe5+ 39. Rxe5 Rf8 40. Ne4 Kg6
41. Nf6 Bf5 42. g3 Rc8 43. Kc3 Kxg5 44. Ne4+ Kg4 45. Rxf5 Kxf5 46. Nd6+ Ke5 47.
Nxc8 Kxd5 48. Nb6+ Ke4 49. Nxc4 Kf3 50. Kd4 Kxg3 51. Ne3 Kf3 52. Nf5 Kf4 53.
Nh4 Kg4 54. Ng6 Kg5 55. Ne5 Kf4 56. Kd5 Kf5 57. Nf3 Kf4 58. Nh4 Kg4 59. Ng2 Kf3
60. Nh4+ Kg4 61. Ng6 Kg5 62. Ne5 Kf5 63. Kd4 Kf4 64. Ng6+ Kg5 65. Nf8 Kf4 66.
Ne6+ Kf3 67. Ke5 h4 68. Kf5 h3 69. Ng5+ Ke3 70. Nxh3 Kd4 71. Nf4 1/2-1/2

[Event "Liga Madrileña - DH 2013-2014"]
[Site "Madrid ESP"]
[Date "2014.03.15"]
[Round "14.22"]
[White "Gallego Jimenez, Victoriano"]
[Black "Bolado Saez, Sergio"]
[Result "0-1"]
[WhiteElo "2367"]
[BlackElo "2349"]
[PlyCount "93"]
[EventDate "2013.11.18"]
[EventType "team-tourn"]
[EventRounds "14"]
[EventCountry "ESP"]
[Source "lmi"]
[SourceDate "2013.11.18"]
[WhiteTeam "La Casa del Ajedrez"]
[BlackTeam "Blanco y Negro"]
[WhiteTeamCountry "ESP"]
[BlackTeamCountry "ESP"]

1. d4 d5 2. c4 c6 3. Nf3 Nf6 4. e3 a6 5. Nc3 e6 6. Bd3 dxc4 7. Bxc4 b5 8. Bd3
Bb7 9. a4 b4 10. Ne4 Nbd7 11. Nxf6+ gxf6 12. e4 Bd6 13. O-O c5 14. d5 Qc7 15.
Qe2 Rg8 16. Bc4 Ke7 17. e5 Bxe5 18. Rd1 Nb6 19. Nxe5 Qxe5 20. Be3 Nxc4 21. Qxc4
Bxd5 22. Qxc5+ Ke8 23. g3 Qe4 24. Rxd5 Qxd5 25. Qxb4 Rc8 26. Qh4 Ke7 27. b4 Qc4
28. Bd4 e5 29. Re1 Rg5 30. Re4 Qc1+ 31. Kg2 Qc6 32. Bc5+ Ke6 33. Kg1 Rd8 34.
Re1 Qd5 35. Qh3+ Rf5 36. Qf1 Qd3 37. Qg2 Rd5 38. Be3 Qc4 39. Rc1 Qxc1+ 40. Bxc1
Rd1+ 41. Qf1 Rxf1+ 42. Kxf1 Kd5 43. Ke2 e4 44. b5 axb5 45. axb5 Kc5 46. Bf4 Rd5
47. Bh6 0-1

[Event "Liga Madrileña - DH 2013-2014"]
[Site "Madrid ESP"]
[Date "2014.03.15"]
[Round "14.24"]
[White "Madina Yadarola, Martin"]
[Black "Renteria Becerra, Jorge Elicer"]
[Result "1/2-1/2"]
[WhiteElo "2276"]
[BlackElo "2311"]
[PlyCount "47"]
[EventDate "2013.11.18"]
[EventType "team-tourn"]
[EventRounds "14"]
[EventCountry "ESP"]
[Source "lmi"]
[SourceDate "2013.11.18"]
[WhiteTeam "La Casa del Ajedrez"]
[BlackTeam "Blanco y Negro"]
[WhiteTeamCountry "ESP"]
[BlackTeamCountry "ESP"]

1. Nf3 Nf6 2. c4 g6 3. g3 Bg7 4. Bg2 O-O 5. O-O c6 6. Nc3 d6 7. d3 e5 8. Bd2
Nbd7 9. b4 Re8 10. e4 Nf8 11. b5 d5 12. bxc6 bxc6 13. exd5 cxd5 14. Bg5 dxc4
15. d4 e4 16. Ne5 Bb7 17. Rb1 Rb8 18. Rxb7 Rxb7 19. Nxe4 Rb6 20. Qa4 h6 21.
Bxf6 Bxf6 22. Nc6 Rxc6 23. Qxc6 Bxd4 24. Qxc4 1/2-1/2

[Event "Liga Madrileña - DH 2013-2014"]
[Site "Madrid ESP"]
[Date "2014.03.15"]
[Round "14.25"]
[White "Rivas Vila, David"]
[Black "Sanchez Rojo, Gustavo"]
[Result "1/2-1/2"]
[WhiteElo "2211"]
[BlackElo "2172"]
[PlyCount "51"]
[EventDate "2013.11.18"]
[EventType "team-tourn"]
[EventRounds "14"]
[EventCountry "ESP"]
[Source "lmi"]
[SourceDate "2013.11.18"]
[WhiteTeam "Blanco y Negro"]
[BlackTeam "La Casa del Ajedrez"]
[WhiteTeamCountry "ESP"]
[BlackTeamCountry "ESP"]

1. e4 c5 2. Nc3 Nc6 3. Nge2 Nf6 4. g3 d6 5. Bg2 g6 6. d4 cxd4 7. Nxd4 Bd7 8.
Nde2 Bg7 9. O-O O-O 10. a4 Qa5 11. Nd5 Nxd5 12. exd5 Ne5 13. Bd2 Qc5 14. Be3
Qc7 15. Ra2 b5 16. axb5 Bxb5 17. Re1 Bxe2 18. Rxe2 Rfc8 19. Bd4 a5 20. b3 Bf6
21. Re4 Qb7 22. Qe2 Rc7 23. h4 h5 24. f4 Ng4 25. Bxf6 exf6 26. Bf3 1/2-1/2

[Event "Liga Madrileña - DH 2013-2014"]
[Site "Madrid ESP"]
[Date "2014.03.15"]
[Round "14.26"]
[White "Collado Barbas, Laura"]
[Black "Mena Borras, Mario"]
[Result "1-0"]
[WhiteElo "2133"]
[BlackElo "2108"]
[PlyCount "49"]
[EventDate "2013.11.18"]
[EventType "team-tourn"]
[EventRounds "14"]
[EventCountry "ESP"]
[Source "lmi"]
[SourceDate "2013.11.18"]
[WhiteTeam "La Casa del Ajedrez"]
[BlackTeam "Blanco y Negro"]
[WhiteTeamCountry "ESP"]
[BlackTeamCountry "ESP"]

1. d4 d5 2. c4 c6 3. Nf3 f5 4. Bf4 e6 5. Nbd2 Nf6 6. e3 Be7 7. Ne5 Nbd7 8. Bd3
Nxe5 9. Bxe5 O-O 10. h3 Ne4 11. O-O Bd7 12. f3 Nxd2 13. Qxd2 Be8 14. e4 fxe4
15. fxe4 Bg6 16. exd5 Bxd3 17. Qxd3 exd5 18. Rxf8+ Bxf8 19. Rf1 Bd6 20. Qf5
Bxe5 21. Qf7+ Kh8 22. dxe5 dxc4 23. e6 Qe8 24. Qxb7 Rb8 25. e7 1-0

[Event "Liga Madrileña - DH 2013-2014"]
[Site "Madrid ESP"]
[Date "2014.03.15"]
[Round "14.32"]
[White "Longa Yauca, Javier"]
[Black "Jimenez Lopez, Antonio"]
[Result "1-0"]
[WhiteElo "2326"]
[BlackElo "2107"]
[PlyCount "128"]
[EventDate "2013.11.18"]
[EventType "team-tourn"]
[EventRounds "14"]
[EventCountry "ESP"]
[Source "lmi"]
[SourceDate "2013.11.18"]
[WhiteTeam "64 Villalba"]
[BlackTeam "San Fernando de Henares"]
[WhiteTeamCountry "ESP"]
[BlackTeamCountry "ESP"]

1. d4 Nf6 2. Nf3 g6 3. c4 Bg7 4. Nc3 d6 5. e4 O-O 6. h3 Nbd7 7. Be3 e5 8. d5 a5
9. g4 Nc5 10. Nd2 c6 11. Be2 Ne8 12. Nf3 Nf6 13. dxc6 bxc6 14. Qc2 Qe7 15.
O-O-O a4 16. Rhg1 a3 17. b3 Be6 18. Rg3 Rfc8 19. Ng5 d5 20. exd5 cxd5 21. Nxd5
Nxd5 22. Rxd5 Bxd5 23. cxd5 Nxb3+ 24. Kd1 Qb7 25. Qe4 Rd8 26. Ke1 Rxd5 27. Bc4
Qb4+ 28. Kf1 Rd1+ 29. Kg2 Rb8 30. Ba7 Nd2 31. Qd3 Qxc4 32. Qxc4 Nxc4 33. Bxb8
h6 34. Ne4 Rd4 35. Nc5 Bf8 36. Ba7 Rd5 37. Ne4 Ra5 38. Bb8 Rb5 39. Bc7 Rb7 40.
Bd8 Be7 41. Bxe7 Rxe7 42. Rc3 Nb6 43. Rxa3 f5 44. Ra6 Nd5 45. Ng3 Nf4+ 46. Kf3
Nxh3 47. Rxg6+ Kf7 48. gxf5 Ng5+ 49. Kg4 Nh7 50. Nh5 Kf8 51. Rxh6 Ra7 52. f6
Kg8 53. Rg6+ Kf8 54. Rh6 Kg8 55. Ng3 Nf8 56. Ne4 Rxa2 57. Kf5 Ra5 58. Rh1 Ra2
59. Rg1+ Kh7 60. Ng5+ Kg8 61. Ne6+ Kh8 62. Nxf8 Rxf2+ 63. Ke6 e4 64. Rg7 e3 1-0

[Event "Liga Madrileña - DH 2013-2014"]
[Site "Madrid ESP"]
[Date "2014.03.15"]
[Round "14.34"]
[White "Contreras Donoso, Juan Francisco"]
[Black "De La Orden Alcocer, Alejandro"]
[Result "0-1"]
[WhiteElo "1819"]
[BlackElo "1932"]
[PlyCount "72"]
[EventDate "2013.11.18"]
[EventType "team-tourn"]
[EventRounds "14"]
[EventCountry "ESP"]
[Source "lmi"]
[SourceDate "2013.11.18"]
[WhiteTeam "64 Villalba"]
[BlackTeam "San Fernando de Henares"]
[WhiteTeamCountry "ESP"]
[BlackTeamCountry "ESP"]

1. d4 Nf6 2. Nf3 g6 3. c4 Bg7 4. e3 O-O 5. Nbd2 d5 6. Qc2 Bf5 7. Bd3 Bxd3 8.
Qxd3 c6 9. b3 Nbd7 10. O-O Re8 11. Bb2 Qb6 12. h3 Rad8 13. Qc2 Qa6 14. Rac1 Rc8
15. c5 Qa5 16. a3 Qc7 17. b4 Ra8 18. Rfe1 h5 19. a4 a6 20. a5 Rad8 21. Ba1 Nh7
22. e4 dxe4 23. Nxe4 Ndf6 24. Nxf6+ Nxf6 25. Ne5 Nd5 26. Qc4 Qc8 27. Re2 Qf5
28. Rce1 Bf6 29. Re3 Rf8 30. Rf3 Qg5 31. Bb2 Qd2 32. Re2 Qxb4 33. Qd3 Bxe5 34.
Rxe5 Qxb2 35. Rxh5 Qc1+ 36. Kh2 Nf4 0-1

[Event "Liga Madrileña - DH 2013-2014"]
[Site "Madrid ESP"]
[Date "2014.03.15"]
[Round "14.35"]
[White "Haro Casas, Emilio"]
[Black "Andrade Sandoval, Jim Carlos"]
[Result "1/2-1/2"]
[WhiteElo "1874"]
[BlackElo "1489"]
[PlyCount "63"]
[EventDate "2013.11.18"]
[EventType "team-tourn"]
[EventRounds "14"]
[EventCountry "ESP"]
[Source "lmi"]
[SourceDate "2013.11.18"]
[WhiteTeam "San Fernando de Henares"]
[BlackTeam "64 Villalba"]
[WhiteTeamCountry "ESP"]
[BlackTeamCountry "ESP"]

1. e4 c5 2. Nf3 e6 3. d4 cxd4 4. Nxd4 a6 5. c4 Nc6 6. Nc3 Bb4 7. a3 Bxc3+ 8.
bxc3 Nf6 9. Qc2 O-O 10. Bg5 h6 11. Bh4 Ne5 12. Be2 Ng6 13. Bg3 d6 14. O-O Qe7
15. Rfd1 Rd8 16. Rab1 Ne8 17. Rb6 Qc7 18. Qb2 Ne5 19. Rb4 a5 20. Nb5 Qc6 21.
Ra4 Qxe4 22. Rd4 Qf5 23. c5 Nc6 24. Nxd6 Nxd6 25. Rxd6 Rxd6 26. cxd6 Qd5 27.
Bf3 Qd3 28. h3 Qa6 29. Bxc6 Qxc6 30. Rd4 Bd7 31. c4 Rc8 32. Qd2 1/2-1/2

[Event "Liga Madrileña - DH 2013-2014"]
[Site "Madrid ESP"]
[Date "2014.03.15"]
[Round "14.41"]
[White "Almagro Llanas, Pablo"]
[Black "Granda Zuniga, Julio E"]
[Result "0-1"]
[WhiteElo "2467"]
[BlackElo "2680"]
[PlyCount "62"]
[EventDate "2013.11.18"]
[EventType "team-tourn"]
[EventRounds "14"]
[EventCountry "ESP"]
[Source "lmi"]
[SourceDate "2013.11.18"]
[WhiteTeam "Virgen de Atocha"]
[BlackTeam "Collado Villalba"]
[WhiteTeamCountry "ESP"]
[BlackTeamCountry "ESP"]

1. e4 c5 2. Nf3 Nc6 3. Bb5 g6 4. O-O Bg7 5. Bxc6 bxc6 6. Re1 Nh6 7. c3 O-O 8.
Qa4 e5 9. d3 Qc7 10. h3 d6 11. d4 cxd4 12. cxd4 f6 13. Nc3 Nf7 14. Be3 Qb7 15.
Qc2 Be6 16. Red1 Rac8 17. Rac1 Rfe8 18. b3 Bf8 19. Nd2 d5 20. Qb2 exd4 21. Bxd4
Ne5 22. Nf1 Qa6 23. Qa1 Nd3 24. Rc2 c5 25. Bxf6 d4 26. Na4 Bd7 27. e5 Bxa4 28.
bxa4 Nxe5 29. Bxe5 Rxe5 30. Nd2 Re2 31. Qb1 c4 0-1